|
|
|
|
| LEADER |
01379ppm a22003498a 4500 |
| 001 |
00036115 |
| 005 |
20171026081025.0 |
| 008 |
170209s2016 ||||||Viesd |
| 041 |
0 |
# |
|a Vie
|
| 082 |
1 |
4 |
|a 780.7
|b D112H
|
| 100 |
1 |
# |
|a Nguyễn, Huy Bình
|
| 245 |
1 |
0 |
|a Dạy học Ghi âm cho sinh viên ngàng Đại học sư phạm Âm nhạc Trường Đại học Đồng Tháp
|b Luận văn Thạc sĩ Sư phạm Âm nhạc. Chuyên ngành: Lý luận và phương pháp dạy học âm nhạc Mã số : 60140111
|c Nguyễn Huy Bình; Hướng dẫn khoa học: Nguyễn Thị Tố Mai
|
| 260 |
# |
# |
|a Hà Nội
|b Hà Nội
|c 2016
|
| 300 |
# |
# |
|a 105tr.
|c 30 cm.
|
| 500 |
# |
# |
|a ĐTTS ghi: Bộ Giáo dục và Đào tạo. Trường Đại học sư phạm Nghệ thuật Trung ương
|
| 653 |
# |
# |
|a Dạy học
|
| 653 |
# |
# |
|a Đại học Đồng tháp
|
| 653 |
# |
# |
|a Âm nhạc cổ truyền
|
| 653 |
# |
# |
|a Sinh viên
|
| 653 |
# |
# |
|a Luận văn
|
| 700 |
1 |
# |
|a Nguyễn Thị Tố Mai
|e Hướng dẫn khoa học
|
| 852 |
# |
# |
|j LV.0001105
|
| 852 |
# |
# |
|b Kho đọc SĐH
|j LV.0001105
|
| 910 |
0 |
# |
|d 09/02/2017
|
| 980 |
# |
# |
|a Trung tâm Học liệu Lê Vũ Hùng, Trường Đại học Đồng Tháp
|